Experiencias de aprendizaje con el arte actual en las políticas de la diversidad : (Record no. 313)

MARC details
000 -LEADER
campo de control de longitud fija 01955cam a2200349 a 4500
001 - NÚMERO DE CONTROL
campo de control 8497000
005 - FECHA Y HORA DE LA ÚLTIMA TRANSACCIÓN
campo de control 20220326193302.0
008 - DATOS DE LONGITUD FIJA--INFORMACIÓN GENERAL
campo de control de longitud fija 110129s2010 sp a b 000 0 spa d
020 ## - NÚMERO INTERNACIONAL ESTÁNDAR DEL LIBRO
Número Internacional Estándar del Libro 9788492572205 (Actar) :
Condiciones de disponibilidad 18.00 EUR
020 ## - NÚMERO INTERNACIONAL ESTÁNDAR DEL LIBRO
Número Internacional Estándar del Libro 9788492572205 (MUSAC) :
Condiciones de disponibilidad 18.00 EUR
035 ## - NÚMERO DE CONTROL DEL SISTEMA
Número de control de sistema (OCoLC)716094747
035 ## - NÚMERO DE CONTROL DEL SISTEMA
Número de control de sistema (OCoLC)ocn716094747
035 ## - NÚMERO DE CONTROL DEL SISTEMA
Número de control de sistema (ItFiC)it 60704450
035 ## - NÚMERO DE CONTROL DEL SISTEMA
Número de control de sistema (NNC)8497000
040 ## - FUENTE DE CATALOGACIÓN
Centro catalogador/agencia de origen ItFiC
Centro/agencia transcriptor ItFiC
082 ## - NÚMERO DE LA CLASIFICACIÓN DECIMAL DEWEY
Número de clasificación 069.07
Número de ítem M986e
110 ## - ENTRADA PRINCIPAL--NOMBRE DE ENTIDAD CORPORATIVA
Nombre de entidad corporativa o nombre de jurisdicción como elemento de entrada Educación y acción cultural MUSAC
9 (RLIN) 1481
245 00 - MENCIÓN DEL TÍTULO
Título Experiencias de aprendizaje con el arte actual en las políticas de la diversidad :
Resto del título educación y acción cultural MUSAC /
Mención de responsabilidad, etc. [edición y coordinación, Belén Sola Pizarro].
260 ## - PUBLICACIÓN, DISTRIBUCIÓN, ETC.
Lugar de publicación, distribución, etc. Barcelona ;
-- New York :
Nombre del editor, distribuidor, etc. Actar ;
Lugar de publicación, distribución, etc. León :
Nombre del editor, distribuidor, etc. MUSAC,
Fecha de publicación, distribución, etc. [2010]
300 ## - DESCRIPCIÓN FÍSICA
Extensión 147 p. :
Otras características físicas ill. ;
Dimensiones 23 cm.
504 ## - NOTA DE BIBLIOGRAFÍA, ETC.
Nota de bibliografía, etc. Includes bibliographical references.
505 ## - NOTA DE CONTENIDO CON FORMATO
Título Experiencias de aprendizaje con el arte actual en las políticas de la diversidad
-- El DEAC, aparato digestivo del MUSAC
Mención de responsabilidad Olaia Fontal Merillas
Título Mediacion, inclusión y experiencias de aprendizaje en el DEAC MUSAC
Mención de responsabilidad Belén Sola
Título Comunidades 1
Mención de responsabilidad Amparo Moroño / Belén Sola
Título Comunidades 2
Mención de responsabilidad Nadia Texeira/ Amparo Moroño/ Mario Campelo
Título MUSAC Escuela: Las posibilidades del museo con las aulas
Mención de responsabilidad Antonio Gonzales Chamorro
Título Proyecto pequeamigos: síntesis de experiencias
Mención de responsabilidad Julia Ruth Gallego y Cristina Viñuela Lopez
Título Desde las practicas: itinerarios de un trabajo de ida y vuelta.
Mención de responsabilidad Belén Sola
Título Memoria de actividades
650 #0 - PUNTO DE ACCESO ADICIONAL DE MATERIA--TÉRMINO DE MATERIA
Término de materia o nombre geográfico como elemento de entrada Museums
Subdivisión general Educational aspects.
Subdivisión geográfica Museo de Arte Contemporáneo de Castilla y León
9 (RLIN) 1482
650 #0 - PUNTO DE ACCESO ADICIONAL DE MATERIA--TÉRMINO DE MATERIA
Término de materia o nombre geográfico como elemento de entrada Art, Modern.
9 (RLIN) 166
700 1# - ENTRADA AGREGADA--NOMBRE PERSONAL
Nombre de persona Sola Pizarro, Belén.
9 (RLIN) 1483
710 2# - ENTRADA AGREGADA--NOMBRE DE ENTIDAD CORPORATIVA
Nombre de entidad corporativa o nombre de jurisdicción como elemento de entrada Museo de Arte Contemporáneo de Castilla y León.
9 (RLIN) 1484
856 42 - LOCALIZACIÓN Y ACCESO ELECTRÓNICOS
Identificador Uniforme de Recursos <a href="http://www.columbia.edu/cgi-bin/cul/resolve?clio8497000">http://www.columbia.edu/cgi-bin/cul/resolve?clio8497000</a>
Materiales especificados TOC
910 ## - DATOS DE OPCIÓN DEL USUARIO (OCLC)
Datos de opción del usuario Supplied on B.O.
948 1# - PROCESAMIENTO DE INFORMACIÓN LOCAL (OCLC); DESIGNADOR DE PARTE DE LA SERIE (RLIN)
Designador de la parte de la serie, SPT (RLIN) 20110414
b (OCLC) c
c (OCLC) rhg9
d (OCLC) OSMC
990 ## - EQUIVALENCIA O REFERENCIA-CRUZADA [LOCAL, CANADÁ]
Enlace de información para campo correspondiente con campo 9XX 18.00 EUR
Holdings
Estatus retirado Estado de pérdida Fuente del sistema de clasificación o colocación Estado de daño No para préstamo Biblioteca de origen Biblioteca actual Ubicación en estantería Fecha de adquisición Total de préstamos Signatura topográfica completa Código de barras Visto por última vez Precio de reemplazo Tipo de ítem Koha
    Clasificación Decimal Dewey     Biblioteca LadoV Biblioteca LadoV   31/10/2014   069.07 M986e 000360 31/10/2014 31/10/2014 Material 01